• 首页
  • 本馆介绍
  • 公告通知
  • 最新文献
  • 馆藏检索
  • 电子资源
  • 读者导购
  • 参考咨询
  • 我的图书馆
  • 登录
  • 详细信息显示
  • 放入我的书架
  • 预约/预借图书
  • 作者相关作品
  • 分类相关作品
  • 丛书相关作品
  • 出版社相关作品

书目信息

  • 表格格式
  • 工作单格式
  • 卡片格式
题名:
天然产物化学
    
 
作者: 徐任生 主编
分册:  
出版信息: 北京   科学出版社  1993.12
页数: 949页
开本: 16开
丛书名:
单 册:
中图分类: Q501
科图分类:
主题词: 生物化学
电子资源:
ISBN: 7-03-002505-9
000 00508nam0 2200193 45
001 0011231679
005 20031219104047.6
010    @a7-03-002505-9@dCNY98.00
100    @a20001123d1993 km y0chiy0120 ea
101 0  @achi
105    @a z 000yy
200 1  @a天然产物化学@f徐任生主编@FXu Ren Sheng Zhu Bian
210    @a北京@c科学出版社@d1993.12
215    @a949页@d16开
606 0  @a生物化学
690    @aQ501@v3
701  0 @a徐任生@4主编
801    @aCN@bTSTC@c20001128
905    @b293321-322@dQ501@e69@f2
    
    天然产物化学/徐任生主编.-北京:科学出版社,1993.12
    949页;16开
    
    
    ISBN 7-03-002505-9:CNY98.00
    
●
相关链接 在E读中查询图书 在五车中查询图书 在当当中查询图书 在豆瓣中查询图书


正题名:天然产物化学     索取号:Q501/69         预约/预借

序号 登录号 条形码 馆藏地/架位号 状态 备注
1 0293321   002933213   第三借阅区/ [索取号:Q501/69] 在馆    
2 0293322   002933222   第二样本阅览室/ [索取号:Q501/69] 在馆    
唐山师范学院图书馆 欢迎您!
大连网信软件有限公司© 版权所有